01198nab a22002537a 4500003000400000005001700004008004100021040000700062100002300069245011800092260007200210300001300282500003900295505014400334505008900478505008900567650002000656650002400676650003800700650003400738650001300772650002200785773013700807OSt20260118211256.0190605e xxu||||| |||| 00| 0 spa d cPJ aSfeir, Santiago L.13aLa doctrina de los actos propios su incidencia en la finalización del contrato de trabajo /cSantiago L. Sfeir. aCiudad Autónoma de Buenos Aires :bThomson Reuters La Ley,c2025. ap. 89-92 aCita: TR LALEY AR/DOC/2680/2025.  aSumario: I. Antecedentes fácticos del caso.— II. La doctrina de los actos propios en el derecho del trabajo.— III. Palabras finales.  aFallo comentado: CNTrab., sala X ~ 14/07/2025 ~ C. S. M. c. Siseg S.R.L. s/ despido. t¿Te interesa el texto completo? Solicitalo al correo: koha@justierradelfuego.gov.ar 0aDERECHO LABORAL 0aCONTRATO DE TRABAJO 0aEXTINCION DEL CONTRATO DE TRABAJO 0aDOCTRINA DE LOS ACTOS PROPIOS 0aBUENA FE 0aABUSO DEL DERECHO0 02711dCiudad Autónoma de Buenos Aires : Thomson Reuters La Ley, 1999-2002.tRevista de derecho del trabajo. Nº 6 - Noviembre 2025